| 000 | 00955nam a2200289Ia 4500 | ||
|---|---|---|---|
| 008 | 160803s9999 xx 000 0 und d | ||
| 020 | _a 978-1250040084 | ||
| 100 | _aWalker, Sally M. | ||
| 245 | _aBlizzard of glass : the Halifax explosion of 1917 / | ||
| 245 | _cSally M. Walker. | ||
| 260 | _aNew York : | ||
| 260 | _bScholastic Inc. | ||
| 260 | _c2011 | ||
| 300 | _axii, 145 pages : | ||
| 300 | _billustrations, map ; | ||
| 300 | _c24 cm. | ||
| 500 | _aOriginally published: New York : Henry Holt and Company, c2011. | ||
| 650 | _aExplosions -- Nova Scotia -- Halifax -- History -- 20th century -- | ||
| 650 | _aHalifax (N.S.) -- Biography -- | ||
| 650 | _aHalifax (N.S.) -- History -- 20th century -- | ||
| 650 | _aHalifax Explosion, Halifax, N.S., 1917 -- | ||
| 650 | _xJuvenile literature. | ||
| 650 | _xJuvenile literature. | ||
| 650 | _xJuvenile literature. | ||
| 650 | _xJuvenile literature. | ||
| 700 | _a1100 | ||
| 999 |
_c298324 _d298324 |
||